Criaderos de hierro de España. (Record no. 47860)

MARC details
000 -LEADER
campo de control de longitud fija 01280nam a2200253 i 4500
001 - NÚMERO DE CONTROL
campo de control 47860
003 - IDENTIFICADOR DE NÚMERO DE CONTROL
campo de control ES-MaACL
005 - FECHA Y HORA DE LA ÚLTIMA TRANSACCIÓN
campo de control 20250817211335.0
007 - CAMPO FIJO DE DESCRIPCIÓN FÍSICA--INFORMACIÓN GENERAL
campo de control de longitud fija t|
008 - DATOS DE LONGITUD FIJA--INFORMACIÓN GENERAL
campo de control de longitud fija 030618m19131944sp ||||1| spa d
245 00 - MENCIÓN DEL TÍTULO
Título Criaderos de hierro de España.
260 ## - PUBLICACIÓN, DISTRIBUCIÓN, ETC.
Lugar de publicación, distribución, etc. Madrid :
Nombre del editor, distribuidor, etc. [s.n.],
Fecha de publicación, distribución, etc. 1913-1944 (
Fabricante Est. tip. Sucesores de Rivadeneyra)
300 ## - DESCRIPCIÓN FÍSICA
Extensión 9 v. ;
Dimensiones 26 cm.
490 1# - MENCIÓN DE SERIE
Mención de serie Memorias del Instituto Geológico de España
505 8# - NOTA DE CONTENIDO CON FORMATO
Nota de contenido con formato Contiene: T. 1. Introducción al estudio de los criaderos de hierro de España / por L. de Adaro -- Criaderos de la provincia de Murcia -- T. 2. Criaderos de Asturias (2 vols.) -- T. 3. Criaderos de Guadalajara y Teruel -- T. 4. Hierros de Galicia (2 vols.) -- T. 5. Hierros de Almería y Granada (2 vols.) -- T. 6. Hierros de Córdoba y Jaén / por Antonio Carbonell Trillo-Figueroa -- Hierros de Sevilla / por Eduardo Carvajal y Acuña
650 #4 - PUNTO DE ACCESO ADICIONAL DE MATERIA--TÉRMINO DE MATERIA
Término de materia o nombre geográfico como elemento de entrada Minerales de hierro-
Subdivisión geográfica España.
9 (RLIN) 160230
700 1# - ENTRADA AGREGADA--NOMBRE PERSONAL
Nombre de persona Adaro, Luis de,
Fechas asociadas al nombre 1849-1915
9 (RLIN) 18415
700 1# - ENTRADA AGREGADA--NOMBRE PERSONAL
Nombre de persona Carbonell Trillo-Figueroa, Antonio.
9 (RLIN) 35068
700 1# - ENTRADA AGREGADA--NOMBRE PERSONAL
Nombre de persona Carvajal y Acuña, Eduardo.
9 (RLIN) 35944
710 2# - ENTRADA AGREGADA--NOMBRE DE ENTIDAD CORPORATIVA
Nombre de entidad corporativa o nombre de jurisdicción como elemento de entrada Instituto Geológico de España.
9 (RLIN) 5076
830 0# - PUNTO DE ACCESO ADICIONAL DE SERIE-TÍTULO UNIFORME
Título uniforme Memorias del Instituto Geológico de España
9 (RLIN) 182220
852 ## - LOCALIZACIÓN
Ubicación ES-MaACL
Número de control de estantería B-13325-33
Holdings
Estatus retirado Estado de pérdida Estado de daño No para préstamo Biblioteca de origen Biblioteca actual Ubicación en estantería Fecha de adquisición Fuente de adquisición Total de préstamos Signatura topográfica completa Código de barras Visto por última vez Precio de reemplazo Tipo de ítem Koha
        Biblioteca del Ateneo de Madrid Biblioteca del Ateneo de Madrid Sala Pardo Bazán 17/01/2008     B-13325-33 1050364 23/02/2023 23/02/2023 Libro impreso